000 01247nam a22002537a 4500
001 38705
003 BD-RjUL
005 20211209052838.0
008 160210r19811980bg ||||| |||| 00| 0 ben d
035 _a(BD-RjUL)38814
040 _aBD-RjUL
_bben
_cBD-RjUL
041 _aben
082 _222
_aB 301
_bHOS 1981
100 _aহোসেন, মোহাম্মদ আমীর
_9119415
245 _aসমাজ বিজ্ঞান :
_b( প্রথম, দ্বিতীয় ও তৃতীয় পত্র একত্রে ) /
_cমোহাম্মদ আমীর হোসেন
250 _a৫ম পরিবর্ধিত সং.
260 _aঢাকা :
_bগ্বোব লাইব্রেরী (প্রা:) লি.,
_c১৯৮০ [পুনর্মুদ্রণ ১৯৮১]
300 _a৬৪৮ পৃ. ;
_c২১ সেমি.
500 _a[ বি-এ ক্লাশের ছাত্র-ছাত্রীদের জন্য লিখিত ]
504 _aবিবলিওগ্রাফি ও ইনডেক্স অন্তর্ভুক্ত আছে.
650 _aSociology
_9119416
650 _a সমাজ বিজ্ঞান
_9119417
942 _2ddc
_cBK
999 _c38705
_d38705